Αι φιλοσοφικαί και παιδαγωγικαί δοξασίαι του Πολυβίου
Αποθηκεύτηκε σε:
| Κύριος συγγραφέας: | |
|---|---|
| Μορφή: | Βιβλίο |
| Γλώσσα: | Greek |
| Δημοσίευση: |
Αθήνησιν :
Εκ του τυπογραφείου των αδελφών Περρή,
1898
|
| Θέματα: | |
| Ετικέτες: |
Προσθήκη ετικέτας
Δεν υπάρχουν, Καταχωρήστε ετικέτα πρώτοι!
|
MARC
| LEADER | 00000cam a2200000 i 4500 | ||
|---|---|---|---|
| 001 | 1/60502 | ||
| 008 | 141127s1898 gre d | ||
| 035 | |l 10119883 | ||
| 040 | |a GR-MY-UA |b gre |e aacr | ||
| 041 | 0 | |a gre | |
| 082 | 0 | |a 370.1 |2 (23) | |
| 100 | 1 | |a Παπαμάρκος, Χαρίσιος, |d 1844-1906. | |
| 245 | 1 | 3 | |a Αι φιλοσοφικαί και παιδαγωγικαί δοξασίαι του Πολυβίου / |c υπό Χαρισίου Παπαμάρκου |
| 260 | |a Αθήνησιν : |b Εκ του τυπογραφείου των αδελφών Περρή, |c 1898 | ||
| 300 | |a ις', 221 σ.; |c 23 εκ. | ||
| 500 | |a Στο verso ετικέτα "Τη Πορφυριάδι Σχολή ο Διευθυντής και οι καθηγηταί 1897-1898". Στο recto σφραγίδα "Πορφυριάς Αστική Σχολή Καρλοβασίων" με αρ. 1209. | ||
| 600 | 0 | 0 | |a Πολύβιος, |d π. 200-π. 118. |
| 650 | 0 | 0 | |a Education |x Philosophy. |
| 852 | |a INST |b SAMOS |c PORFYRIADA |e 20141127 |h 370.1 ΠΑΠ |p 005300040832 |q 005300040832 |t NOLOAN |y 23 | ||
| 901 | |a BIBL3-2014-3 | ||
| 909 | |a Σ |b 185436 | ||
| 970 | |a ΚΟΣΙΕΡΗΣ |b ΧΡΗΣΤΟΣ |z 2010/11/27 | ||